Laudi del cielo, del mare, de la terra e degli eroi / (Record no. 51748)

MARC details
000 -LEADER
campo de control de longitud fija 00541nam a2200181 i 4500
001 - NÚMERO DE CONTROL
campo de control 51748
003 - IDENTIFICADOR DE NÚMERO DE CONTROL
campo de control ES-MaACL
005 - FECHA Y HORA DE LA ÚLTIMA TRANSACCIÓN
campo de control 20240510063041.0
007 - CAMPO FIJO DE DESCRIPCIÓN FÍSICA--INFORMACIÓN GENERAL
campo de control de longitud fija t|
008 - DATOS DE LONGITUD FIJA--INFORMACIÓN GENERAL
campo de control de longitud fija 030818s1910 it ||||1| ita d
100 1# - ENTRADA PRINCIPAL--NOMBRE DE PERSONA
Nombre de persona D'Annunzio, Gabriele,
Fechas asociadas al nombre 1863-1938
9 (RLIN) 42351
245 10 - MENCIÓN DEL TÍTULO
Título Laudi del cielo, del mare, de la terra e degli eroi /
Mención de responsabilidad, etc. Gabriele D'Annunzio.
260 ## - PUBLICACIÓN, DISTRIBUCIÓN, ETC.
Lugar de publicación, distribución, etc. [Milano :
Nombre del editor, distribuidor, etc. Fratelli Treves,
Fecha de publicación, distribución, etc. 1910]
300 ## - DESCRIPCIÓN FÍSICA
Extensión 1 v. ;
Dimensiones 20 cm.
500 ## - NOTA GENERAL
Nota general Es el Vol. 2º: Slettra.
852 ## - LOCALIZACIÓN
Ubicación ES-MaACL
Número de control de estantería F-92307
Holdings
Estatus retirado Estado de pérdida Estado de daño No para préstamo Biblioteca de origen Biblioteca actual Ubicación en estantería Fecha de adquisición Fuente de adquisición Total de préstamos Signatura topográfica completa Código de barras Visto por última vez Precio de reemplazo Tipo de ítem Koha
        Biblioteca del Ateneo de Madrid Biblioteca del Ateneo de Madrid Sala Pecera Planta 2 17/01/2008     F-92307 1054416 23/02/2023 23/02/2023 Libro impreso